[Event "2. Wittelsbacher Weihnachts-Schach-Open"]
[Site "Kelheim"]
[Date "2013.12.27"]
[Round "2.16"]
[White "Goderbauer, Josef"]
[Black "Meulner, Fabian"]
[Result "1-0"]
[WhiteElo "1703"]
[BlackElo "1901"]
[PlyCount "59"]
[EventDate "2013.??.??"]
[WhiteTeam "SC Moosburg 1956 e.V."]
[BlackTeam "SW Nürnberg Süd e.V."]

1. e4 Nc6 2. Nc3 d6 3. Bb5 a6 4. Ba4 g6 5. f4 b5 6. Bb3 Nd4 7. Nf3 Nxb3 8. axb3
Bg7 9. O-O Bb7 10. d3 Nf6 11. Qe1 e6 12. f5 Qd7 13. Ng5 h6 14. fxe6 fxe6 15.
Nf3 e5 16. Nh4 O-O-O 17. Nxg6 Rhe8 18. Bxh6 Bxh6 19. Rxf6 Bg5 20. Rf5 Bh6 21.
Qf2 Rg8 22. Rf7 Be3 23. Ne7+ Qxe7 24. Rxe7 Bxf2+ 25. Kxf2 Rdf8+ 26. Kg1 Kd8 27.
Rh7 b4 28. Nd5 Rg5 29. Nxc7 Bc8 30. Rxa6 1-0

[Event "2. Wittelsbacher Weihnachts-Schach-Open"]
[Site "Kelheim"]
[Date "2013.12.27"]
[Round "2.17"]
[White "Schultes, Christoph"]
[Black "Obermeier, Johannes"]
[Result "0-1"]
[WhiteElo "2028"]
[BlackElo "1647"]
[PlyCount "52"]
[EventDate "2013.??.??"]
[WhiteTeam "SK Landau-Dingolfing"]
[BlackTeam "SK Kelheim 1920"]

1. d4 d5 2. Nf3 Bf5 3. c4 e6 4. Qb3 b6 5. Nc3 Ne7 6. Bf4 Nbc6 7. e3 Na5 8. Qa4+
c6 9. cxd5 exd5 10. Be2 Rc8 11. O-O Ng6 12. Ba6 b5 13. Nxb5 Nxf4 14. exf4 Qb6
15. b4 Qxa6 16. Rfe1+ Kd8 17. Nc3 Qb6 18. Nxd5 cxd5 19. Re8+ Kc7 20. Rc1+ Nc4
21. Ne5 Bd6 22. Nxc4 dxc4 23. Rxh8 Rxh8 24. Rxc4+ Kb7 25. g4 Bxg4 26. f3 Bf5
0-1

[Event "2. Wittelsbacher Weihnachts-Schach-Open"]
[Site "Kelheim"]
[Date "2013.12.27"]
[Round "2.18"]
[White "Hessler, Markus"]
[Black "Schwenck, Mathias"]
[Result "0-1"]
[WhiteElo "1714"]
[BlackElo "1920"]
[PlyCount "102"]
[EventDate "2013.??.??"]
[WhiteTeam "Schachfreunde Roding"]
[BlackTeam "SC Moosburg 1956 e.V."]

1. b3 d5 2. Bb2 Nf6 3. Nf3 g6 4. e3 Bg7 5. c4 e6 6. Be2 O-O 7. O-O b6 8. Qc2
dxc4 9. Bxc4 Bb7 10. Be2 c5 11. Rd1 Nc6 12. a3 Rc8 13. d3 Qe7 14. Nbd2 e5 15.
Rac1 Nd5 16. Qb1 f5 17. Qa1 Rcd8 18. Bf1 Rfe8 19. Ne1 Nf6 20. Nc2 Rd7 21. Nc4
Nd5 22. d4 cxd4 23. exd4 e4 24. N4e3 Nxe3 25. fxe3 Na5 26. Qa2 Kh8 27. Bb5 Bc6
28. Bxc6 Nxc6 29. b4 Qd6 30. g3 b5 31. Qb3 Red8 32. Rf1 Ne7 33. Na1 Nd5 34. Rc5
Bh6 35. Bc1 a6 36. Bd2 Nb6 37. Rfc1 Nc4 38. Rc2 Bg7 39. Kg2 Qf6 40. a4 Qg5 41.
axb5 axb5 42. Rxb5 Ne5 43. dxe5 Qg4 44. Rbc5 Rxd2+ 45. Rxd2 Rxd2+ 46. Kg1 Rd1+
47. Kg2 Rd2+ 48. Kg1 f4 49. Rd5 fxe3 50. Qa4 Qc8 51. Rc5 Qf8 0-1

[Event "2. Wittelsbacher Weihnachts-Schach-Open"]
[Site "Kelheim"]
[Date "2013.12.27"]
[Round "2.19"]
[White "Kümpers, Ulrich"]
[Black "Kellner, Christian"]
[Result "1-0"]
[WhiteElo "2011"]
[BlackElo "1623"]
[PlyCount "107"]
[EventDate "2013.??.??"]
[WhiteTeam "SC Tarrasch 45 München"]
[BlackTeam "SK Kelheim 1920"]

1. d4 d6 2. c4 Nf6 3. Nc3 g6 4. e4 Bg7 5. f4 O-O 6. Nf3 Re8 7. Be2 c5 8. d5 e6
9. O-O exd5 10. exd5 Bf5 11. Bd3 Ne4 12. Nxe4 Bxe4 13. Bxe4 Rxe4 14. Qc2 Qe7
15. Bd2 Nd7 16. Rae1 Re8 17. b3 Nf6 18. Ng5 Re2 19. h3 Qe3+ 20. Bxe3 Rxc2 21.
Rf2 Rc3 22. Bd2 Rxe1+ 23. Bxe1 Re3 24. Kf1 h6 25. Nf3 Nh5 26. Bd2 Ng3+ 27. Kg1
Re8 28. Kh2 Ne4 29. Re2 f5 30. Be1 Bf6 31. Nd2 Kf7 32. Nxe4 Rxe4 33. Rxe4 fxe4
34. g4 h5 35. Kg3 hxg4 36. Kxg4 Kg7 37. f5 gxf5+ 38. Kxf5 e3 39. Ke4 Bg5 40.
Kf5 Kh6 41. Ke6 Bf4 42. Kf5 Be5 43. Ke4 Kg5 44. Kxe3 Kf5 45. Kf3 Bf6 46. Bg3
Be7 47. Bf4 Bf8 48. h4 Be7 49. h5 Bf8 50. h6 Kg6 51. Kg4 Be7 52. h7 Kxh7 53.
Kf5 Kg7 54. Ke6 1-0

[Event "2. Wittelsbacher Weihnachts-Schach-Open"]
[Site "Kelheim"]
[Date "2013.12.27"]
[Round "2.20"]
[White "Schindler, Tobias"]
[Black "Heppert, Lars"]
[Result "1-0"]
[WhiteElo "1594"]
[BlackElo "1927"]
[PlyCount "95"]
[EventDate "2013.??.??"]
[WhiteTeam "SK Kelheim 1920"]
[BlackTeam "Schachklub 1872 im BSV Neuburg"]

1. c4 e5 2. g3 g6 3. Bg2 Bg7 4. Nc3 Nc6 5. d3 Nge7 6. e4 O-O 7. Nge2 d6 8. O-O
h6 9. f4 f5 10. Be3 Nd4 11. Qd2 Kh7 12. Rae1 c5 13. Nd5 Nxe2+ 14. Qxe2 Nxd5 15.
exd5 Bd7 16. Qc2 g5 17. Kh1 exf4 18. gxf4 g4 19. Qd2 Qf6 20. b4 b6 21. Rd1 Qg6
22. d4 cxb4 23. Qxb4 Rae8 24. Rfe1 Rf7 25. c5 Rfe7 26. Bf2 Re2 27. Rxe2 Rxe2
28. Rd2 Qe8 29. Rxe2 Qxe2 30. Bg1 dxc5 31. dxc5 bxc5 32. Qxc5 a6 33. a3 Bb5 34.
d6 Bd3 35. Qd5 Bf6 36. d7 Be4 37. Bxe4 Qxe4+ 38. Qxe4 fxe4 39. Bb6 e3 40. d8=Q
Bxd8 41. Bxd8 Kg6 42. Kg2 Kf5 43. Kg3 e2 44. Ba5 h5 45. Bd2 e1=Q+ 46. Bxe1 h4+
47. Kxh4 Kxf4 48. Bg3+ 1-0

[Event "2. Wittelsbacher Weihnachts-Schach-Open"]
[Site "Kelheim"]
[Date "2013.12.27"]
[Round "2.21"]
[White "Wltschek, Christian"]
[Black "Voith, Walter"]
[Result "1/2-1/2"]
[WhiteElo "1962"]
[BlackElo "1677"]
[PlyCount "67"]
[EventDate "2013.??.??"]
[WhiteTeam "TSV Wacker Neutraubling"]
[BlackTeam "TSV Oberviechtach"]

1. e4 d5 2. exd5 Qxd5 3. Nc3 Qa5 4. d4 Nf6 5. Bc4 c6 6. Bd2 Qc7 7. Nf3 Bf5 8.
Ne5 e6 9. Qe2 Be7 10. O-O-O Nbd7 11. f3 Nb6 12. Bb3 a5 13. a3 Nbd5 14. g4 Bg6
15. Nxd5 Nxd5 16. h4 h5 17. Nxg6 fxg6 18. Qxe6 Qd6 19. Qxd6 Bxd6 20. c4 Nf4 21.
Kb1 Nd3 22. Be3 Nf4 23. Bxf4 Bxf4 24. Rde1+ Kd7 25. Re4 Bg3 26. g5 Rhf8 27. Rf1
Rf5 28. Bc2 Raf8 29. Re3 Rf4 30. Bxg6 Rxh4 31. d5 cxd5 32. Rd3 d4 33. Rfd1 Bf2
34. Be4 1/2-1/2

[Event "2. Wittelsbacher Weihnachts-Schach-Open"]
[Site "Kelheim"]
[Date "2013.12.27"]
[Round "2.22"]
[White "Nöckler, Alexander"]
[Black "Rohne, Niklas"]
[Result "1-0"]
[WhiteElo "1976"]
[BlackElo "1486"]
[PlyCount "133"]
[EventDate "2013.??.??"]
[WhiteTeam "Schachklub Weiden 1907"]
[BlackTeam "SK Landau-Dingolfing"]

1. c4 c5 2. Nf3 Nc6 3. g3 g6 4. Bg2 Bg7 5. O-O d6 6. Nc3 Rb8 7. d3 Nf6 8. Nd5
O-O 9. Bd2 Bg4 10. h3 Bd7 11. Qc1 Qc8 12. Kh2 Nxd5 13. cxd5 Nd4 14. Ng1 b6 15.
g4 f5 16. f3 Qb7 17. e3 Nb5 18. a4 Nc7 19. e4 fxg4 20. hxg4 Qa6 21. Bg5 Rf7 22.
Ra3 Rbf8 23. Bh6 Qc8 24. Bxg7 Kxg7 25. Rd1 e6 26. d4 exd5 27. exd5 Na6 28. Qc3
Kg8 29. Rc1 Qb7 30. Qc4 Nb4 31. dxc5 bxc5 32. Rd1 Rf4 33. Qb3 Qa6 34. Rd2 Rb8
35. Ne2 Rf7 36. Qe3 Re8 37. Qf2 Qb7 38. Nc3 Bxg4 39. Qg3 Bf5 40. Qxd6 Qc7 41.
Nb5 Qb8 42. Rc3 a6 43. Qxb8 Rxb8 44. Nd6 Rd7 45. Nxf5 gxf5 46. Rxc5 f4 47. Bf1
Rb6 48. Bc4 Rh6+ 49. Kg1 Rg7+ 50. Rg2 Rxg2+ 51. Kxg2 Rd6 52. Kh3 Kg7 53. Kg4
Rg6+ 54. Kxf4 h5 55. Rc7+ Kh6 56. Rb7 h4 57. Re7 h3 58. Re8 Kh7 59. Re1 Rg2 60.
Rh1 h2 61. b3 a5 62. Ke5 Kg7 63. d6 Nc6+ 64. Kd5 Nd8 65. Kc5 Kf6 66. Kb6 Rd2
67. Kxa5 1-0

[Event "2. Wittelsbacher Weihnachts-Schach-Open"]
[Site "Kelheim"]
[Date "2013.12.27"]
[Round "2.23"]
[White "Müller, Johannes"]
[Black "Urban, Rudolf"]
[Result "1-0"]
[WhiteElo "1580"]
[BlackElo "1932"]
[PlyCount "83"]
[EventDate "2013.??.??"]
[WhiteTeam "SK Kelheim 1920"]
[BlackTeam "SC Roter Turm Altstadt"]

1. d4 Nf6 2. c4 b6 3. Nc3 Bb7 4. f3 d6 5. e4 e5 6. dxe5 dxe5 7. Qxd8+ Kxd8 8.
Be3 c5 9. O-O-O+ Kc8 10. g3 Bc6 11. h4 Nbd7 12. Bh3 a6 13. Rh2 Be7 14. Rhd2 Rd8
15. f4 Kb7 16. Nf3 exf4 17. gxf4 Nf8 18. Ng5 Rxd2 19. Rxd2 h6 20. Nxf7 Nxe4 21.
Nxe4 Bxe4 22. f5 Bc6 23. h5 Bf6 24. Bf4 Nd7 25. Bg2 Bxg2 26. Rxd7+ Kc8 27. Rc7+
Kb8 28. Rxc5+ Kb7 29. Rc7+ Kb8 30. Re7+ Kc8 31. Rc7+ Kb8 32. Nd8 Bxd8 33. Rxg7+
Kc8 34. Rxg2 Ra7 35. Bxh6 Rh7 36. Rg6 Rxh6 37. Rxh6 Bg5+ 38. Kc2 Bxh6 39. Kd3
Kd7 40. b4 Kd6 41. Ke4 Bg5 42. c5+ 1-0

[Event "2. Wittelsbacher Weihnachts-Schach-Open"]
[Site "Kelheim"]
[Date "2013.12.27"]
[Round "2.24"]
[White "Meul, Willi"]
[Black "Mühlich, Cornelius"]
[Result "1-0"]
[WhiteElo "1867"]
[BlackElo "1453"]
[PlyCount "69"]
[EventDate "2013.??.??"]
[WhiteTeam "SV 1925 Hürth-Berrenrath"]
[BlackTeam "SK Kelheim 1920"]

1. d4 c6 2. Bf4 d5 3. Nd2 Bf5 4. e3 e6 5. c4 Nf6 6. Ngf3 Bd6 7. Bg3 O-O 8. c5
Bxg3 9. hxg3 Nbd7 10. Nh4 Bg6 11. Nxg6 fxg6 12. Be2 e5 13. dxe5 Nxe5 14. O-O
Qe7 15. Rc1 Rf7 16. Nf3 Nxf3+ 17. Bxf3 Raf8 18. Qd4 Ne4 19. Bxe4 Qxe4 20. Qxe4
dxe4 21. Rc4 Rf5 22. b4 Re8 23. Rd1 Rd5 24. Rcd4 Red8 25. Rxd5 Rxd5 26. Rxd5
cxd5 27. b5 Kf7 28. Kf1 Ke6 29. Ke2 a6 30. a4 g5 31. Kd2 Kd7 32. Kc3 g4 33. Kd4
Ke6 34. c6 bxc6 35. bxa6 1-0

[Event "2. Wittelsbacher Weihnachts-Schach-Open"]
[Site "Kelheim"]
[Date "2013.12.27"]
[Round "2.25"]
[White "Braun, Kristin"]
[Black "Schmidt, Franz"]
[Result "1-0"]
[WhiteElo "1780"]
[BlackElo "1880"]
[PlyCount "77"]
[EventDate "2013.??.??"]
[WhiteTeam "SC Forchheim e.V."]
[BlackTeam "SK Abensberg"]

1. Nf3 d5 2. g3 c5 3. Bg2 Nc6 4. d3 e5 5. O-O Nf6 6. e4 dxe4 7. dxe4 Qxd1 8.
Rxd1 Bg4 9. Re1 O-O-O 10. Bg5 Be7 11. Nc3 Be6 12. a3 h6 13. Be3 Bg4 14. h3 Bxf3
15. Bxf3 Nd4 16. Bxd4 cxd4 17. Nd5 Nxd5 18. exd5 f6 19. Bg4+ Kc7 20. Be6 Rhf8
21. b4 a5 22. Rab1 axb4 23. axb4 Ra8 24. Rb3 Kd6 25. c3 dxc3 26. Rxc3 Ra2 27.
Rec1 Bd8 28. Rc8 Ke7 29. Rb8 Ra7 30. Rcc8 g6 31. b5 b6 32. g4 f5 33. gxf5 gxf5
34. Bxf5 Rg8+ 35. Kh2 Ra2 36. Bg4 Rxf2+ 37. Kg3 Rd2 38. Rb7+ Kf6 39. Rxb6+ 1-0

[Event "2. Wittelsbacher Weihnachts-Schach-Open"]
[Site "Kelheim"]
[Date "2013.12.27"]
[Round "2.27"]
[White "Dietl, Harald"]
[Black "Rösch, Maximilian"]
[Result "1-0"]
[WhiteElo "1798"]
[BlackElo "1235"]
[PlyCount "143"]
[EventDate "2013.??.??"]
[WhiteTeam "SK Abensberg"]
[BlackTeam "SK Kelheim 1920"]

1. f4 d5 2. Nf3 Nc6 3. e3 Bg4 4. Be2 e6 5. O-O Be7 6. h3 Bxf3 7. Bxf3 Nf6 8. a3
Qd7 9. Qe2 h5 10. b4 Ne4 11. Bxe4 dxe4 12. b5 Nd8 13. Rd1 Bf6 14. Nc3 c6 15.
Rb1 Bxc3 16. dxc3 Qc7 17. c4 Rc8 18. Bb2 cxb5 19. Bxg7 Rg8 20. Bf6 Rg6 21. Bg5
f6 22. Qxh5 Kf7 23. Bh4 Nc6 24. cxb5 Ne7 25. Qh7+ Rg7 26. Qxe4 Qxc2 27. Qxc2
Rxc2 28. Bf2 Nd5 29. Rd3 Ke8 30. Rbd1 f5 31. R1d2 Rc1+ 32. Kh2 Nf6 33. Rd8+ Kf7
34. Ra8 Kg6 35. Rxa7 Ne4 36. Rb2 Kh5 37. Ra8 Rc3 38. Bg1 Rc1 39. Rh8+ Kg6 40.
g4 Kf7 41. gxf5 Rgxg1 42. fxe6+ Kxe6 43. Re8+ Kf5 44. Re5+ Kf6 45. Rxe4 Rh1+
46. Kg3 Rhg1+ 47. Rg2 Rge1 48. Kf3 Rf1+ 49. Kg4 Rc8 50. Re5 Rc4 51. Rd2 Rg1+
52. Kf3 Rf1+ 53. Ke2 Rh1 54. Rd6+ Kf7 55. Rh6 Rc2+ 56. Kd3 Rhc1 57. Rh7+ Kg6
58. Rxb7 Rc3+ 59. Ke4 Rc4+ 60. Kf3 Rf1+ 61. Ke2 Rh1 62. Rb6+ Kf7 63. Kd3 Rc7
64. a4 Rxh3 65. a5 Rd7+ 66. Ke4 Rc7 67. a6 Rc4+ 68. Kd5 Rc3 69. a7 Rd3+ 70. Ke4
Ra3 71. Rb7+ Kg6 72. Re8 1-0

[Event "2. Wittelsbacher Weihnachts-Schach-Open"]
[Site "Kelheim"]
[Date "2013.12.27"]
[Round "2.28"]
[White "Zankl, Stephan"]
[Black "Mosler, Ernst"]
[Result "1-0"]
[WhiteElo "1526"]
[BlackElo "1336"]
[PlyCount "86"]
[EventDate "2013.??.??"]
[WhiteTeam "TSV Nittenau"]
[BlackTeam "SV Wettstetten e.V."]

1. d4 d5 2. Nf3 Nf6 3. Bf4 e6 4. Nbd2 c5 5. c3 Bd6 6. Bxd6 Qxd6 7. Ne5 O-O 8.
e3 Nc6 9. Ndf3 Nd7 10. Nxc6 Qxc6 11. Bd3 c4 12. Bc2 h6 13. Qe2 Nf6 14. h3 Ne4
15. Ne5 Qc7 16. Bxe4 dxe4 17. Nxc4 Bd7 18. Nd2 f5 19. O-O Rac8 20. c4 a6 21.
Rfc1 Qb6 22. b3 Rc7 23. Rc2 Rfc8 24. Rac1 Qb4 25. Nb1 b6 26. Nc3 Kf8 27. Qd1
Be8 28. Rd2 Bf7 29. d5 exd5 30. Nxd5 Bxd5 31. Rxd5 g6 32. Qd4 Kf7 33. Rd1 Re7
34. Re5 Rce8 35. Rxe7+ Rxe7 36. Qd5+ Kf6 37. Qd8 Kf7 38. Rd6 Qe1+ 39. Kh2 Qxf2
40. Qxb6 Qxa2 41. Rf6+ Ke8 42. Qc6+ Rd7 43. Re6+ Kd8 1-0

[Event "2. Wittelsbacher Weihnachts-Schach-Open"]
[Site "Kelheim"]
[Date "2013.12.27"]
[Round "2.29"]
[White "Miethaner, Ulrich"]
[Black "Wieczorek, Heinz"]
[Result "1-0"]
[WhiteElo "1949"]
[BlackElo "1815"]
[PlyCount "47"]
[EventDate "2013.??.??"]
[WhiteTeam "SC Bavaria Regensb.1881"]
[BlackTeam "SW Nürnberg Süd e.V."]

1. d4 Nf6 2. Nc3 c5 3. Bg5 cxd4 4. Qxd4 Nc6 5. Qh4 Qa5 6. O-O-O d6 7. e4 Be6 8.
a3 O-O-O 9. f4 h6 10. Nf3 Rg8 11. Bxf6 exf6 12. f5 Bd7 13. Bc4 Be8 14. Rd5 Qb6
15. Rhd1 Be7 16. Rb5 Qc7 17. Nd5 Qd7 18. Qf2 Kb8 19. Be2 Qc8 20. Rb3 Rd7 21.
Rc3 Bd8 22. Nd4 Rc7 23. Nb5 Bd7 24. Nxd6 1-0

[Event "2. Wittelsbacher Weihnachts-Schach-Open"]
[Site "Kelheim"]
[Date "2013.12.27"]
[Round "2.30"]
[White "Klimpel, Siegfried"]
[Black "Brunner, Tobias"]
[Result "1-0"]
[WhiteElo "1888"]
[BlackElo "1410"]
[PlyCount "65"]
[EventDate "2013.??.??"]
[WhiteTeam "TSV Kareth-Lappersdorf"]
[BlackTeam "TSV Nittenau"]

1. e4 e5 2. Ne2 Bc5 3. f4 d6 4. d4 exd4 5. Nxd4 Nf6 6. Nc3 Nc6 7. Nxc6 bxc6 8.
e5 Ng4 9. Ne4 Bb6 10. Be2 h5 11. exd6 cxd6 12. h3 d5 13. hxg4 dxe4 14. Qxd8+
Bxd8 15. gxh5 g6 16. h6 Bf5 17. g4 Be6 18. Bd2 Bf6 19. c3 c5 20. g5 Be7 21.
Bb5+ Kf8 22. c4 Rb8 23. h7 f6 24. Bc3 Kf7 25. b3 Rbd8 26. Rd1 Rxd1+ 27. Kxd1
Bg4+ 28. Ke1 Bh5 29. Bc6 e3 30. Bd5+ Kg7 31. Bg8 Bg4 32. Rg1 Bf5 33. Rg3 1-0

[Event "2. Wittelsbacher Weihnachts-Schach-Open"]
[Site "Kelheim"]
[Date "2013.12.27"]
[Round "2.31"]
[White "Fröhlich, Manuel"]
[Black "Haxhija, Florim"]
[Result "1-0"]
[WhiteElo "1727"]
[BlackElo "796"]
[PlyCount "59"]
[EventDate "2013.??.??"]
[WhiteTeam "TSV Oberviechtach"]
[BlackTeam "SK Kelheim 1920"]

1. d4 d5 2. c4 Nf6 3. Nc3 Nc6 4. cxd5 Nxd5 5. e4 Nxc3 6. bxc3 e5 7. d5 Ne7 8.
Nf3 Bg4 9. Qa4+ c6 10. Nxe5 Bd7 11. Nxd7 Qxd7 12. Ba3 Nxd5 13. exd5 Bxa3 14.
Qxa3 Qxd5 15. f3 b6 16. Rd1 Qe6+ 17. Kf2 c5 18. Re1 O-O 19. Rxe6 fxe6 20. Bc4
Rf6 21. Re1 Re8 22. Qxa7 Rh6 23. Qxb6 Kf7 24. a4 g5 25. a5 Rf6 26. a6 Kg6 27.
a7 Rff8 28. Rxe6+ Kf7 29. Rg6+ Ke7 30. Qd6# 1-0

[Event "2. Wittelsbacher Weihnachts-Schach-Open"]
[Site "Kelheim"]
[Date "2013.12.27"]
[Round "2.32"]
[White "Burgard, Manfred"]
[Black "Helf, Stefan"]
[Result "0-1"]
[WhiteElo "1411"]
[BlackElo "1598"]
[PlyCount "84"]
[EventDate "2013.??.??"]
[WhiteTeam "Schachfreunde Roding"]
[BlackTeam "SK Abensberg"]

1. d4 d5 2. c4 e6 3. Nc3 Nf6 4. cxd5 exd5 5. Bg5 Nbd7 6. e3 Be7 7. Bd3 O-O 8.
Nge2 h6 9. Bh4 c6 10. Qc2 Re8 11. O-O Nf8 12. f3 Ne6 13. Bxf6 Bxf6 14. b4 Bg5
15. f4 Be7 16. a3 a5 17. Rab1 axb4 18. axb4 Nf8 19. e4 dxe4 20. Bxe4 Bg4 21.
Kh1 Bxe2 22. Nxe2 Qb6 23. d5 cxd5 24. Bxd5 Bf6 25. Ng3 Re3 26. Nf5 Rc3 27. Qe4
Rac8 28. Rfe1 R8c7 29. g4 Qf2 30. Rf1 Qd2 31. Qg2 Rc2 32. Qxd2 Rxd2 33. Rfd1
Rf2 34. Rf1 Rcc2 35. Bxb7 Rxh2+ 36. Kg1 g6 37. Ne3 Bd4 38. Rfe1 Ne6 39. Kf1
Rcf2+ 40. Kg1 Nxf4 41. Bg2 Rfxg2+ 42. Kf1 Rf2+ 0-1

[Event "2. Wittelsbacher Weihnachts-Schach-Open"]
[Site "Kelheim"]
[Date "2013.12.27"]
[Round "2.33"]
[White "Koller, Andreas"]
[Black "Fritsch, Julian"]
[Result "0-1"]
[WhiteElo "1350"]
[BlackElo "1554"]
[PlyCount "100"]
[EventDate "2013.??.??"]
[WhiteTeam "TSV Mainburg"]
[BlackTeam "SK Kelheim 1920"]

1. e4 d6 2. d4 g6 3. Nf3 Nf6 4. Nc3 Bg7 5. Be2 O-O 6. O-O b6 7. Bg5 Bb7 8. Bxf6
Bxf6 9. e5 dxe5 10. dxe5 Bg7 11. Re1 e6 12. Nb5 Qe7 13. c4 a6 14. Nc3 Nc6 15.
Qc2 Rab8 16. a3 Nxe5 17. Ne4 Nxf3+ 18. Bxf3 Rfd8 19. Rad1 Bxe4 20. Bxe4 c5 21.
b3 Qf6 22. a4 Qc3 23. Rxd8+ Rxd8 24. Qxc3 Bxc3 25. Rb1 Rd2 26. f3 Bd4+ 27. Kh1
f5 28. Bb7 a5 29. Bc8 e5 30. h3 e4 31. fxe4 fxe4 32. Bb7 e3 33. Bf3 Rf2 34. Re1
Rb2 35. Bd1 Rb1 36. Kh2 e2 37. Rxe2 Rxd1 38. Re6 Bg1+ 39. Kh1 Be3+ 40. Kh2 Bf4+
41. g3 Rd2+ 42. Kg1 Bxg3 43. Rxb6 Rd3 44. Kg2 Be1 45. Rb5 Bb4 46. h4 Rxb3 47.
Rb6 Ra3 48. Rf6 Rxa4 49. Kg3 Kg7 50. Rf4 Ra3+ 0-1

[Event "2. Wittelsbacher Weihnachts-Schach-Open"]
[Site "Kelheim"]
[Date "2013.12.27"]
[Round "2.34"]
[White "Adlhoch, Walter"]
[Black "Tautz, Helmut"]
[Result "1-0"]
[WhiteElo "1258"]
[BlackElo "1526"]
[PlyCount "87"]
[EventDate "2013.??.??"]
[WhiteTeam "SK Schwandorf"]
[BlackTeam "SK Kelheim 1920"]

1. c4 g6 2. g3 Bg7 3. Bg2 Nc6 4. Nc3 Nf6 5. e4 d6 6. Nge2 Bg4 7. O-O e5 8. d3
O-O 9. Be3 Qd7 10. Qd2 Bh3 11. d4 Bxg2 12. Kxg2 Ng4 13. d5 Nxe3+ 14. Qxe3 Nd4
15. Qd2 f5 16. Nxd4 exd4 17. Ne2 fxe4 18. Nxd4 Bxd4 19. Qxd4 Qf5 20. Rae1 Rfe8
21. Re3 Qe5 22. Qxe5 Rxe5 23. f3 exf3+ 24. Rfxf3 Rae8 25. Kf2 Kg7 26. Rxe5 Rxe5
27. Re3 Kf6 28. Rxe5 Kxe5 29. Ke3 c6 30. dxc6 bxc6 31. b4 a6 32. a4 d5 33. b5
cxb5 34. cxb5 axb5 35. axb5 d4+ 36. Kd3 Kd5 37. b6 Kc6 38. Kxd4 Kxb6 39. Ke5
Kc7 40. Kf6 Kd7 41. Kg7 h5 42. Kxg6 h4 43. gxh4 Ke8 44. Kg7 1-0

[Event "2. Wittelsbacher Weihnachts-Schach-Open"]
[Site "Kelheim"]
[Date "2013.12.27"]
[Round "2.35"]
[White "Voigt, Tobias"]
[Black "Glück, Ulrich"]
[Result "0-1"]
[WhiteElo "1212"]
[BlackElo "1723"]
[PlyCount "102"]
[EventDate "2013.??.??"]
[WhiteTeam "Schachklub München Südost e.V."]
[BlackTeam "MSA Zugzwang 82 e.V."]

1. c4 f5 2. g3 Nf6 3. Bg2 g6 4. e3 Bg7 5. Ne2 O-O 6. O-O e5 7. b3 Qe8 8. Bb2 d6
9. d4 e4 10. f3 a5 11. Nbc3 Na6 12. Qb1 exf3 13. Bxf3 Qxe3+ 14. Kg2 Ng4 15. Nd5
Qe8 16. Bxg4 fxg4 17. Nef4 Bf5 18. Qe1 Be4+ 19. Kg1 g5 20. Nh5 Rxf1+ 21. Qxf1
Qxh5 22. Ne7+ Kh8 23. Qe2 Bf3 24. Qd2 Qf7 25. Qxg5 Bf6 26. Qe3 Qxe7 27. Qf4 Bg7
28. Rf1 Re8 29. h4 Qe3+ 30. Qxe3 Rxe3 31. c5 Re2 32. Ba1 Rg2+ 33. Kh1 Rxg3+ 34.
Kh2 Rg2+ 35. Kh1 Rf2+ 36. Kg1 Rxf1+ 37. Kxf1 dxc5 38. Ke1 cxd4 39. Kd2 Nb4 40.
a3 Bh6+ 41. Ke1 Nc2+ 42. Kf2 Nxa1 43. b4 axb4 44. axb4 Nc2 45. b5 Bf4 46. b6 d3
47. bxc7 Bxc7 48. h5 d2 49. h6 Bf4 50. Kg1 d1=Q+ 51. Kf2 g3# 0-1

[Event "2. Wittelsbacher Weihnachts-Schach-Open"]
[Site "Kelheim"]
[Date "2013.12.27"]
[Round "2.36"]
[White "Karl, Thomas"]
[Black "Geitner, Alexander"]
[Result "1-0"]
[WhiteElo "1495"]
[BlackElo "1116"]
[PlyCount "81"]
[EventDate "2013.??.??"]
[WhiteTeam "SK Kelheim 1920"]
[BlackTeam "SC Anderssen Nürnberg 1929 e.V."]

1. d4 d5 2. c4 dxc4 3. e3 e5 4. Bxc4 exd4 5. exd4 Nf6 6. Nc3 c6 7. Nf3 Bg4 8.
O-O Be7 9. Re1 O-O 10. Bg5 Nbd7 11. Re3 Bd6 12. h3 Bh5 13. Qc2 h6 14. Bh4 Bf4
15. Re2 Bg6 16. Qxg6 b5 17. Bb3 a5 18. Qd3 a4 19. Bc2 g5 20. Bg3 Bxg3 21. fxg3
Qb6 22. Ne4 Nxe4 23. Qxe4 Nf6 24. Qf5 Kg7 25. Rd1 Rh8 26. Qc5 Qc7 27. Qe5 Qxe5
28. dxe5 Nd5 29. Be4 Rhd8 30. Bxd5 Rxd5 31. Rxd5 cxd5 32. Rc2 b4 33. Rc7 Kf8
34. Kf2 Rd8 35. Ke3 Re8 36. Kd4 Rd8 37. Rc5 f6 38. Rxd5 fxe5+ 39. Kxe5 Re8+ 40.
Kf6 Kg8 41. Ne5 1-0

[Event "2. Wittelsbacher Weihnachts-Schach-Open"]
[Site "Kelheim"]
[Date "2013.12.27"]
[Round "2.37"]
[White "Krause, Karl-Heinz"]
[Black "Mühlich, Raphael"]
[Result "1-0"]
[WhiteElo "1472"]
[BlackElo "781"]
[PlyCount "107"]
[EventDate "2013.??.??"]
[WhiteTeam "SK Landau-Dingolfing"]
[BlackTeam "SK Kelheim 1920"]

1. e4 e5 2. Nc3 Nf6 3. Bc4 Bc5 4. Nf3 Nc6 5. O-O d6 6. a3 Bg4 7. Bb5 O-O 8.
Bxc6 bxc6 9. d3 h6 10. Be3 Bb6 11. b4 Qd7 12. a4 Rab8 13. Bxb6 cxb6 14. Nb1 Rb7
15. c4 Rc8 16. Nbd2 c5 17. b5 a6 18. Qb3 Ra7 19. Rfb1 axb5 20. cxb5 d5 21. Nxe5
Qd6 22. f4 Be6 23. Qc2 Ng4 24. Ndf3 Rb7 25. Qe2 Nf6 26. f5 Nd7 27. Nc6 Nb8 28.
fxe6 Nxc6 29. exf7+ Rxf7 30. bxc6 Rxc6 31. Rf1 Qe7 32. Rae1 Rc7 33. exd5 Qd7
34. Qe8+ Kh7 35. Qxd7 Rcxd7 36. Re5 Rf4 37. Rb1 Rd6 38. Ra1 Rb4 39. Kf2 Rb3 40.
Ke3 Rb2 41. Nd2 Rg6 42. Rg1 Ra2 43. Re4 Rg5 44. d6 Rd5 45. Nc4 Rd4 46. Rxd4
cxd4+ 47. Kxd4 Rxa4 48. Kd5 b5 49. d7 Ra8 50. Nb6 Rd8 51. Kc6 b4 52. Kc7 Rf8
53. d8=Q Rxd8 54. Kxd8 1-0

[Event "2. Wittelsbacher Weihnachts-Schach-Open"]
[Site "Kelheim"]
[Date "2013.12.28"]
[Round "3.1"]
[White "Obermeier, Johannes"]
[Black "Krivoborodov, Egor"]
[Result "0-1"]
[WhiteElo "1647"]
[BlackElo "2500"]
[PlyCount "48"]
[EventDate "2013.??.??"]
[WhiteTeam "SK Kelheim 1920"]
[BlackTeam "SC Garching 1980 e.V."]

1. e4 c5 2. d4 cxd4 3. c3 dxc3 4. Nxc3 Nc6 5. Nf3 d6 6. Bc4 e6 7. O-O Be7 8.
Qe2 Nf6 9. Rd1 e5 10. Be3 O-O 11. Rac1 Be6 12. b4 Nxb4 13. Nxe5 Qa5 14. Bxe6
dxe5 15. Nd5 fxe6 16. Nxe7+ Kh8 17. Qc4 Nxa2 18. Rb1 Rad8 19. Rf1 Rd7 20. Rb5
Qa6 21. Bc5 Re8 22. Ra1 Nc3 23. Qxc3 Qxb5 24. Qxe5 Rdxe7 0-1

[Event "2. Wittelsbacher Weihnachts-Schach-Open"]
[Site "Kelheim"]
[Date "2013.12.28"]
[Round "3.2"]
[White "Berchtenbreiter, Maximilian"]
[Black "Fuhrmann, Max"]
[Result "1-0"]
[WhiteElo "2410"]
[BlackElo "2130"]
[PlyCount "79"]
[EventDate "2013.??.??"]
[WhiteTeam "SG Pang-Rosenheim 1910 e.V."]
[BlackTeam "SK Kelheim 1920"]

1. d4 Nf6 2. c4 c6 3. Nc3 d5 4. Nf3 e6 5. e3 Nbd7 6. Qc2 Bd6 7. g4 Nxg4 8. Rg1
Nxh2 9. Nxh2 Bxh2 10. Rxg7 Bd6 11. Rxh7 Rxh7 12. Qxh7 Nf6 13. Qh8+ Kd7 14. Qg7
Qe7 15. c5 Bc7 16. e4 Ne8 17. Qh6 b6 18. Bh3 bxc5 19. exd5 cxd5 20. Bg5 Qd6 21.
Qh7 Kc6 22. Qxf7 Bd7 23. dxc5 Qe5+ 24. Be3 Ba5 25. Kf1 Nc7 26. Ne2 Rd8 27. Nd4+
Kb7 28. c6+ Bxc6 29. Nxc6 Kxc6 30. Rc1+ Kb5 31. Bf4 Qxb2 32. Bg4 e5 33. Be2+
Ka4 34. Bd1+ Kb5 35. a4+ Ka6 36. Rxc7 Bb6 37. Be3 d4 38. Qc4+ Ka5 39. Bd2+ Qxd2
40. Qb5# 1-0

[Event "2. Wittelsbacher Weihnachts-Schach-Open"]
[Site "Kelheim"]
[Date "2013.12.28"]
[Round "3.3"]
[White "Meulner, Klaus"]
[Black "Kreuzer, Martin"]
[Result "1/2-1/2"]
[WhiteElo "2123"]
[BlackElo "2340"]
[PlyCount "65"]
[EventDate "2013.??.??"]
[WhiteTeam "SW Nürnberg Süd e.V."]
[BlackTeam "SK Kelheim 1920"]

1. d4 d5 2. Bf4 Nf6 3. e3 c6 4. c4 e6 5. Nc3 Nbd7 6. Nf3 Be7 7. h3 O-O 8. Bd3
dxc4 9. Bxc4 b5 10. Bb3 b4 11. Ne2 c5 12. O-O Bb7 13. Ne5 Rc8 14. Nc4 Ba6 15.
Rc1 Nd5 16. Bh2 N5b6 17. Nd6 Rc6 18. Ne4 c4 19. Bc2 Nd5 20. Re1 N7b6 21. Nc5
Bb5 22. a4 bxa3 23. bxa3 Nd7 24. a4 Ba6 25. e4 Nb4 26. Nxa6 Rxa6 27. Bb1 Nd3
28. Bxd3 cxd3 29. Nc3 Nc5 30. d5 Qa5 31. Bf4 exd5 32. Nxd5 Qd8 33. Rc4 1/2-1/2